Catalog

Record Details

Catalog Search



Available copies

  • 1 of 1 copy available at LARL/NWRL Consortium.

Current holds

0 current holds with 1 total copy.

Show All Copies
Location Call Number / Copy Notes Barcode Shelving Location Status Due Date
Greenbush Public Library DVD WEN (Text) 35500005542319 Main Available -

Record details

  • ISBN: 9786316674937
  • Physical Description: 3 videodiscs (approximately 470 min.) : sound, ... Read More
  • Publisher: Silver Spring, MD : Acorn, [2016]

Content descriptions

General Note:
Title from disc surface.
Based on the original series 'Prisoner' by Reg Watson.
Widescreen (16:9)
Special features: behind the scenes featurettes; cast and crew interviews; photo gallery.
Formatted Contents Note:
Disc 1. No place like home ; Fly me away ; The ... Read More
Participant or Performer Note:
Danielle Cormack, Nicole Da Silva, Kris McQuade, ... Read More
Date/Time and Place of an Event Note:
Originally aired on television in 2013.
Summary, etc.:
When Bea Smith arrives at Wentworth Prison, ... Read More
Target Audience Note:
CHV rating: 18A.
System Details Note:
DVD, region 1, NTSC, widescreen (16:9) ... Read More
Language Note:
English subtitles for the deaf and hard of ... Read More
Subject: Prisons > Drama.
Women prisoners > Drama.
Prisons
Women prisoners
Genre: Television series.
Fiction television programs.
Television crime shows.
Video recordings for the hearing impaired.
Drama.
Feature films.
Fiction television programs.
Television series.
Video recordings for the hearing impaired.
LDR 04247cgm a2200865Ii 4500
001222008
003LARL_NWRL_CONSORTIUM
00520170104174027.0
007vd cvaizq
008161004p20162013mdu470 vleng d
020 . ‡a9786316674937
0241 . ‡a054961253395
02842. ‡aAMP-2533 ‡bAcorn Media
02842. ‡aXA5442 ‡bAcorn
035 . ‡a(OCoLC)959890165
0410 . ‡aeng ‡jeng
08204. ‡a791.45/75 ‡223
049 . ‡aNRGA
24500. ‡aWentworth. ‡nSeason 1 / ‡cScreen Australia and Foxtel and Fremantlemedia Australia present ; a Fremantle Australia production ; series produced by Amanda Crittenden ; created by Lara Radulovich.
2463 . ‡aWentworth. ‡nSeason one
257 . ‡aAustralia ‡2naf
264 1. ‡aSilver Spring, MD : ‡bAcorn, ‡c[2016]
264 4. ‡c©2016
300 . ‡a3 videodiscs (approximately 470 min.) : ‡bsound, color ; ‡c4 3/4 in.
336 . ‡atwo-dimensional moving image ‡btdi ‡2rdacontent
337 . ‡avideo ‡bv ‡2rdamedia
338 . ‡avideodisc ‡bvd ‡2rdacarrier
344 . ‡adigital ‡boptical ‡h5.1 Dolby digital ‡2rda
347 . ‡avideo file ‡bDVD video ‡2rda
380 . ‡aTelevision program
4900 . ‡aWentworth ; ‡vSeason 1
538 . ‡aDVD, region 1, NTSC, widescreen (16:9) presentation; 5.1 Dolby digital.
546 . ‡aEnglish subtitles for the deaf and hard of hearing.
500 . ‡aTitle from disc surface.
5111 . ‡aDanielle Cormack, Nicole Da Silva, Kris McQuade, Leeanna Walsman, Kate Atkinson, Celia Ireland, Shareena Clanton, Aaron Jeffery, Robbie Magasiva, Catherine McClements.
500 . ‡aBased on the original series 'Prisoner' by Reg Watson.
518 . ‡aOriginally aired on television in 2013.
500 . ‡aWidescreen (16:9)
5218 . ‡aCHV rating: 18A.
520 . ‡aWhen Bea Smith arrives at Wentworth Prison, arrested for the attempted murder of her abusive husband, she is thrown head-first into a hostile and unforgiving environment with rules of its own. Bea tries to stay out of trouble, but quickly becomes caught up in a brutal rivalry between celebrity inmate Franky and former mob boss Jacs. Wentworth proves to be a dangerous place for the officers as well as the inmates, who are often prisoners to their own personal dilemmas.
50500. ‡gDisc 1. ‡tNo place like home ; ‡tFly me away ; ‡tThe girl who waited ; ‡tThe things we do -- ‡gDisc 2. ‡tVelvet curtain ; ‡tCaptive ; ‡tSomething dies ; ‡tMind games -- ‡gDisc 3. ‡tTo the moon ; ‡tCheckmate.
500 . ‡aSpecial features: behind the scenes featurettes; cast and crew interviews; photo gallery.
650 0. ‡aPrisons ‡vDrama. ‡0(LARL_NWRL_CONSORTIUM)28862
650 0. ‡aWomen prisoners ‡vDrama.
650 7. ‡2fast ‡aPrisons ‡0(LARL_NWRL_CONSORTIUM)177917
650 7. ‡2fast ‡aWomen prisoners ‡0(LARL_NWRL_CONSORTIUM)34760
655 7. ‡aTelevision series. ‡2lcgft ‡0(LARL_NWRL_CONSORTIUM)175797
655 7. ‡aFiction television programs. ‡2lcgft ‡0(LARL_NWRL_CONSORTIUM)175627
655 7. ‡aTelevision crime shows. ‡2lcgft ‡0(LARL_NWRL_CONSORTIUM)175791
655 7. ‡aVideo recordings for the hearing impaired. ‡2lcgft ‡0(LARL_NWRL_CONSORTIUM)175744
655 7. ‡aDrama. ‡2fast
655 7. ‡aFeature films. ‡2fast ‡0(LARL_NWRL_CONSORTIUM)175625
655 7. ‡aFiction television programs. ‡2fast ‡0(LARL_NWRL_CONSORTIUM)175627
655 7. ‡aTelevision series. ‡2fast ‡0(LARL_NWRL_CONSORTIUM)175797
655 7. ‡aVideo recordings for the hearing impaired. ‡2fast ‡0(LARL_NWRL_CONSORTIUM)175744
7001 . ‡aCrittenden, Amanda, ‡etelevision producer.
7001 . ‡aRadulovich, Lara, ‡ecreator.
7001 . ‡aCormack, Danielle, ‡eactor.
7001 . ‡aDa Silva, Nicole, ‡eactor.
7001 . ‡aMcQuade, Kris, ‡d1952- ‡eactor.
7001 . ‡aWalsman, Leeanna, ‡eactor.
7001 . ‡aAtkinson, Kate, ‡d1972- ‡eactor.
7001 . ‡aIreland, Celia, ‡eactor.
7001 . ‡aClanton, Shareena, ‡eactor.
7001 . ‡aJeffery, Aaron, ‡d1970- ‡eactor.
7001 . ‡aMagasiva, Robbie, ‡eactor.
7001 . ‡aMcClements, Catherine, ‡d1965- ‡eactor.
905 . ‡ubacont
901 . ‡a222008 ‡b ‡c222008 ‡tbiblio ‡soclc

Additional Resources